India's international disputes: (Record no. 21838)

MARC details
000 -LEADER
fixed length control field 00797cam a22002771 4500
001 - CONTROL NUMBER
control field 7975400
003 - CONTROL NUMBER IDENTIFIER
control field BDDh-ASL
005 - DATE AND TIME OF LATEST TRANSACTION
control field 20231015030041.0
008 - FIXED-LENGTH DATA ELEMENTS--GENERAL INFORMATION
fixed length control field 740425s1962 ii 000 0 eng
010 ## - LIBRARY OF CONGRESS CONTROL NUMBER
LC control number sa 63000441
015 ## - NATIONAL BIBLIOGRAPHY NUMBER
National bibliography number GB62-18554
035 ## - SYSTEM CONTROL NUMBER
System control number (OCoLC)869269
040 ## - CATALOGING SOURCE
Original cataloging agency DLC
Transcribing agency OWoC
Modifying agency OCoLC
-- Uk
-- DLC
-- BDDh-ASL
042 ## - AUTHENTICATION CODE
Authentication code premarc
050 00 - LIBRARY OF CONGRESS CALL NUMBER
Classification number KNS480
Item number .B35 1962
082 ## - DEWEY DECIMAL CLASSIFICATION NUMBER
Classification number 327.54
Item number BAI
100 1# - MAIN ENTRY--PERSONAL NAME
Personal name Bains, Joginder Singh.
245 10 - TITLE STATEMENT
Title India's international disputes:
Remainder of title a legal study /
260 ## - PUBLICATION, DISTRIBUTION, ETC.
Place of publication, distribution, etc. Bombay:
-- New York:
Name of publisher, distributor, etc. Asia Pub. House,
Date of publication, distribution, etc. [1962]
300 ## - PHYSICAL DESCRIPTION
Extent 219 p.
Dimensions 23 cm.
651 #0 - SUBJECT ADDED ENTRY--GEOGRAPHIC NAME
Geographic name India
General subdivision Boundaries.
651 #0 - SUBJECT ADDED ENTRY--GEOGRAPHIC NAME
Geographic name India
General subdivision Foreign relations.
906 ## - LOCAL DATA ELEMENT F, LDF (RLIN)
a 7
b cbc
c oclcrpl
d u
e ncip
f 19
g y-gencatlg
942 ## - ADDED ENTRY ELEMENTS (KOHA)
Source of classification or shelving scheme Dewey Decimal Classification
Koha item type Books
Holdings
Withdrawn status Lost status Source of classification or shelving scheme Damaged status Not for loan Collection code Home library Current library Shelving location Date acquired Source of acquisition Total Checkouts Full call number Barcode Date last seen Copy number Price effective from Koha item type
    Dewey Decimal Classification     Non-fiction Asiatic Society Library Asiatic Society Library General Stacks 02/15/2021 ASB Collection   327.54 BAI 105820 02/15/2021 C-1 02/15/2021 Books

Powered by Koha